00914nam a2200229 a 4500008004100000020003200041040002500073041001300098044001100111080001900122100003500141245011700176250001900293260004900312300002800361500012100389700003200510700002400542958000600566999001700572952009500589951205s1982||||[C 0 slo c c16 Kčs. q(18000 výtl.) aSNKbslocSNKeAACR21 aslohrus axocSK a1 100.1(081.1)1 aLenin, Vladimir Iľjič4aut10aZobrané spisy. /Zv./ 15bFebruár-jún 1907cVladimir Iľjič Lenin ; Edita Ščípová, Oto Takáč a2., slov. vyd. aBratislavabPravdac1982eBratislavafPravda a679 s., 31,00 AHc21 cm aFaksim. podpisu aut. na front. Zozn. nenájdených prác. Pozn. Men. reg. Životopis. údaje. Reg. lit. prác.1 aŠčípová, Edita4trl1 aTakáč, Oto4bkd aA c15436d15436 011040708Ka10000b10000d2019-11-29g16.00i14461oK 014r2019-11-29w2019-11-29yOLDO